02158nam a22002897a 450000500170000000800410001702000150005804000070007304100080008008200210008810000280010924500740013726000320021130000310024336500240027452008460029865000440114465000420118865000170123070000300124794200120127799900190128995201070130895201510141595201510156695201510171720230421114738.0220124b ||||| |||| 00| 0 eng d a8171675344 cAL aeng 223a331.89bSHEI aStephen Sherlock991511 aIndian Railways Strike of 1974: A Study of Power and Organised Labour aNew DelhibRupa & Co.c2001 aviii,513 p.bHBc22x14 cm. b395.00c₹d395.00 a Originally presented as the author's thesis (doctoral--University of Sydne) This book is a study of relationship amongst the railway workers, unions and the state during 1960-74 and their role in bringing about a countrywide railway strike in 1974. The author examines the rejection of the officially sanctioned unions by many railway workers and their attempts to give shape to new organisations which better articulated their interests.Part One of the book analyses the structural relationship amongst the officially recognised unions, railway workers and the management, and the reasons for the recognised unions' declining support. Part Two discusses the strategies followed by the recognised unions to undermine the new unions. Part Three traces the course of the 1974 strike itself and the government's decision to crush the strike. aRailroads-Employees-Labor Unions914574 aStrikes and Lockouts-Railroads914575 aIndia914576 aSHERLOCK (Stephen)914577 2ddccGF c221326d221326 00102ddc40708ECOaALbALd2013-03-24l0o331.89 SHEIpGF01983r2022-01-24 00:00:00w2022-01-24yGF 00102ddc40708ECOaALbALd2013-03-24g295.00l0o331.89 SHEIpD04892r2023-04-20 00:00:00v295.00w2022-01-24yDBzDonated by George Fernandes 00102ddc40708ECOaALbALd2013-03-24g295.00l0o331.89 SHEIpD04893r2023-04-20 00:00:00v295.00w2022-01-24yDBzDonated by George Fernandes 00102ddc40708ECOaALbALd2013-03-24g295.00l0o331.89 SHEIpD04894r2023-04-20 00:00:00v295.00w2022-01-24yDBzDonated by George Fernandes